[Event "European Blitz 2022"]
[Site "Katowice POL"]
[Date "2022.12.16"]
[Round "8.93"]
[White "Saraci, Korab"]
[Black "Zgadzaj, Rafal"]
[Result "0-1"]
[WhiteElo "2192"]
[BlackElo "2059"]
[WhiteFideId "4701968"]
[BlackFideId "1113712"]
[EventDate "2022.12.16"]

1. e4 d6 2. d4 Nf6 3. Nc3 g6 4. Nf3 Bg7 5. h3 O-O 6. Be3 c6 7. Qd2 Re8 8. O-O-O
Qc7 9. Be2 b5 10. e5 b4 11. exf6 bxc3 12. Qxc3 Bxf6 13. h4 Bg4 14. Qd2 Nd7 15.
Ng5 Bxe2 16. Qxe2 Qa5 17. a3 Rab8 18. c3 Nb6 19. Ne4 Na4 20. Rd2 d5 21. Nc5 Nxc5
22. dxc5 Bxc3 23. Rc2 Bf6 24. h5 d4 25. Bd2 Qb5 26. Qxb5 Rxb5 27. hxg6 hxg6 28.
Rh3 e5 29. a4 Rb7 30. b4 e4 31. Rb3 Reb8 32. b5 d3 33. Rc4 cxb5 34. Rcb4 Be7 35.
Be3 Rc8 36. Rxb5 Rbc7 37. Kd1 Bxc5 38. Bf4 Rc6 39. Bg3 Bd4 40. Rb1 Rf6 41. Be5
Bxe5 42. Rxe5 Rxf2 43. Rxe4 Rxg2 44. Rb7 Rcc2 45. Re8+ Kg7 46. Ree7 Rcf2 47.
Rbd7 d2 48. Kc2 a5 49. Rd3 g5 50. Red7 Kg6 51. R7d6+ f6 52. Ra6 d1=Q+ 0-1

[Event "European Blitz 2022"]
[Site "Katowice POL"]
[Date "2022.12.16"]
[Round "8.94"]
[White "Paszewski, Mateusz"]
[Black "Gradalski, Olaf"]
[Result "1-0"]
[WhiteTitle "FM"]
[WhiteElo "2282"]
[BlackElo "2079"]
[WhiteFideId "1141058"]
[BlackFideId "21840580"]
[EventDate "2022.12.16"]

1. c4 e6 2. g3 d5 3. Bg2 Nf6 4. Nf3 d4 5. O-O Nc6 6. e3 Bc5 7. b4 Bxb4 8. exd4
O-O 9. Bb2 Re8 10. d3 Bf8 11. Nbd2 Ne7 12. Nb3 Bd7 13. Ne5 Nc6 14. Rb1 Rb8 15.
Ba1 h6 16. Re1 Nxe5 17. dxe5 Nh7 18. d4 c5 19. d5 exd5 20. cxd5 c4 21. Nd4 Bc5
22. e6 fxe6 23. dxe6 Bxd4 24. Qxd4 Qe7 25. Qxd7 1-0

[Event "European Blitz 2022"]
[Site "Katowice POL"]
[Date "2022.12.16"]
[Round "8.95"]
[White "Jarocka, Liwia"]
[Black "Kruckenhauser, Arthur"]
[Result "0-1"]
[WhiteTitle "FM"]
[BlackTitle "FM"]
[WhiteElo "2143"]
[BlackElo "2339"]
[WhiteFideId "21807558"]
[BlackFideId "1642812"]
[EventDate "2022.12.16"]

1. d4 Nf6 2. c4 e6 3. Nf3 Bb4+ 4. Bd2 a5 5. e3 b6 6. Bd3 Bb7 7. O-O Be4 8. Bxe4
Nxe4 9. Nc3 Nxc3 10. bxc3 Be7 11. e4 O-O 12. Qe2 f5 13. d5 Na6 14. exf5 exf5 15.
Rfe1 Bf6 16. Nd4 g6 17. Nb5 Nc5 18. Bf4 d6 19. Be3 0-1

[Event "European Blitz 2022"]
[Site "Katowice POL"]
[Date "2022.12.16"]
[Round "8.97"]
[White "Gvetadze, Sofio"]
[Black "Goraj, Barbara"]
[Result "1-0"]
[WhiteTitle "IM"]
[BlackTitle "WCM"]
[WhiteElo "2298"]
[BlackElo "2130"]
[WhiteFideId "13601440"]
[BlackFideId "21816166"]
[EventDate "2022.12.16"]

1. Nf3 Nf6 2. g3 g6 3. Bg2 Bg7 4. O-O O-O 5. d3 d6 6. e4 e5 7. Nc3 Bg4 8. h3 Be6
9. Ng5 Bd7 10. f4 h6 11. Nf3 exf4 12. gxf4 Nh5 13. Be3 Nc6 14. Qd2 f5 15. Rae1
Kh7 16. Nd5 fxe4 17. dxe4 Ng3 18. Nc3 Nxf1 19. Rxf1 Be6 20. Kh2 Qd7 21. Nh4 Bf6
22. Qe1 Bc4 23. Rg1 Qe7 24. Nxg6 Kxg6 25. e5 Bh4 26. Be4+ Kf7 27. Bg6+ Kg7 28.
Qd1 dxe5 29. Qh5 exf4 30. Be4+ Kf6 31. Qf5# 1-0

[Event "European Blitz 2022"]
[Site "Katowice POL"]
[Date "2022.12.16"]
[Round "8.100"]
[White "Zhuk, Ivan"]
[Black "Zawadzka, Jolanta"]
[Result "1/2-1/2"]
[BlackTitle "WGM"]
[WhiteElo "2035"]
[BlackElo "2386"]
[WhiteFideId "13508342"]
[BlackFideId "1122320"]
[EventDate "2022.12.16"]

1. Nf3 d5 2. g3 c5 3. Bg2 Nc6 4. O-O e5 5. d3 Bd6 6. c4 d4 7. Nbd2 Nf6 8. Ng5
O-O 9. Nge4 Nxe4 10. Nxe4 Be7 11. f4 f6 12. Bd2 exf4 13. Bxf4 Be6 14. a3 a5 15.
Qb3 Qd7 16. Qb5 Nd8 17. Qb3 a4 18. Qc2 h6 19. b3 g5 20. Bd2 f5 21. Nf2 axb3 22.
Qxb3 Nc6 23. Rab1 Ra7 24. Qb6 Rfa8 25. Bc1 Bf7 26. e3 1/2-1/2

[Event "European Blitz 2022"]
[Site "Katowice POL"]
[Date "2022.12.16"]
[Round "9.1"]
[White "Santos Latasa, Jaime"]
[Black "Gavrilescu, David"]
[Result "1/2-1/2"]
[WhiteTitle "GM"]
[BlackTitle "IM"]
[WhiteElo "2668"]
[BlackElo "2522"]
[WhiteFideId "2293307"]
[BlackFideId "1227190"]
[EventDate "2022.12.16"]

1. e4 e6 2. d4 d5 3. e5 c5 4. c3 Nc6 5. Nf3 Bd7 6. Be2 Nge7 7. O-O Nf5 8. Na3
cxd4 9. cxd4 Be7 10. Nc2 O-O 11. Bd3 f6 12. Bxf5 exf5 13. Bf4 g5 14. exf6 Bxf6
15. Bd6 Re8 16. Nb4 Be6 17. Bc5 Rc8 18. Re1 Bf7 19. Rxe8+ Qxe8 20. Qd2 Nxb4 21.
Bxb4 f4 22. h4 h6 23. hxg5 hxg5 24. Re1 Qd7 25. Qd3 Re8 26. Ne5 Qc8 27. Bd2 a6
28. Rc1 Qe6 29. Rc7 Re7 30. Rxe7 Qxe7 31. Qf5 Kg7 32. Bc3 Qe6 33. Qd3 Be8 34.
Bb4 Bd8 35. f3 Bg6 36. Qxg6+ Qxg6 37. Nxg6 1/2-1/2

[Event "European Blitz 2022"]
[Site "Katowice POL"]
[Date "2022.12.16"]
[Round "9.2"]
[White "Kazakouski, Valery"]
[Black "Lagarde, Maxime"]
[Result "1-0"]
[WhiteTitle "GM"]
[BlackTitle "GM"]
[WhiteElo "2539"]
[BlackElo "2584"]
[WhiteFideId "13507443"]
[BlackFideId "662399"]
[EventDate "2022.12.16"]

1. Nf3 f5 2. d3 Nc6 3. e4 e5 4. Nc3 Nf6 5. exf5 d5 6. d4 exd4 7. Nxd4 Nxd4 8.
Qxd4 Bxf5 9. Bg5 c6 10. O-O-O Be7 11. g4 Bg6 12. h4 h6 13. Be3 O-O 14. g5 Ne4
15. Nxe4 Bxe4 16. Rg1 h5 17. Bd3 Bxd3 18. Qxd3 Qd7 19. c4 Rad8 20. Qg6 Qf5 21.
Qxh5 dxc4 22. Rxd8 Rxd8 23. Qg4 Qxg4 24. Rxg4 b5 25. Re4 Kf8 26. f4 a6 27. h5
Rd5 28. Re6 Rd6 29. Rxe7 Kxe7 30. Bc5 1-0

[Event "European Blitz 2022"]
[Site "Katowice POL"]
[Date "2022.12.16"]
[Round "9.3"]
[White "Keinanen, Toivo"]
[Black "Donchenko, Alexander"]
[Result "0-1"]
[WhiteTitle "IM"]
[BlackTitle "GM"]
[WhiteElo "2508"]
[BlackElo "2636"]
[WhiteFideId "509825"]
[BlackFideId "24603295"]
[EventDate "2022.12.16"]

1. d4 Nf6 2. Nf3 d5 3. e3 c5 4. Be2 Nc6 5. O-O cxd4 6. exd4 Bf5 7. c4 e6 8. Nc3
Be7 9. Qb3 Qb6 10. Bg5 dxc4 11. Bxc4 h6 12. Bh4 Qxb3 13. Bxb3 Rd8 14. Rfd1 Bg4
15. Bxf6 Bxf6 16. d5 exd5 17. Bxd5 O-O 18. h3 Bf5 19. Rac1 Rd7 20. Be4 Rxd1+ 21.
Rxd1 Be6 22. Nd5 Bxb2 23. Rb1 f5 24. Bc2 Bxd5 25. Rxb2 b6 26. Ba4 Rd8 27. Rc2
Bxf3 28. gxf3 Nd4 29. Rc7 a5 30. Kg2 b5 31. Bd1 Kf8 32. f4 Ne6 33. Rc1 Nxf4+ 34.
Kf3 Nd3 35. Rb1 b4 36. Bc2 g6 37. h4 h5 38. a3 Ke7 39. Ke3 Ne5 40. axb4 Nc4+ 41.
Kf4 Na3 42. Re1+ Kf6 43. Bb3 Rd4+ 44. Kf3 Rxb4 45. Re6+ Kf7 46. Re3+ Kf8 47. Bd5
Nc2 48. Rc3 Nd4+ 49. Ke3 Nb5 50. Rc6 Rxh4 51. Rxg6 Nd4 52. Ra6 a4 53. f4 Nf3 54.
Kxf3 0-1

[Event "European Blitz 2022"]
[Site "Katowice POL"]
[Date "2022.12.16"]
[Round "9.4"]
[White "Alexakis, Dimitris"]
[Black "Piorun, Kacper"]
[Result "0-1"]
[WhiteTitle "IM"]
[BlackTitle "GM"]
[WhiteElo "2486"]
[BlackElo "2611"]
[WhiteFideId "4277023"]
[BlackFideId "1130420"]
[EventDate "2022.12.16"]

1. e4 d5 2. exd5 Qxd5 3. Nc3 Qd8 4. d4 Nf6 5. Bc4 g6 6. Nf3 Bg7 7. O-O O-O 8. h3
a6 9. a4 Nc6 10. Re1 b6 11. Bg5 Bb7 12. Qd2 Nb4 13. Ne5 Nbd5 14. Rad1 Qd6 15.
Nxd5 Nxd5 16. Bb3 b5 17. Bh4 e6 18. c3 bxa4 19. Bxa4 Nb6 20. Bb3 c5 21. Bg3 Qe7
22. Ng4 cxd4 23. cxd4 Rfd8 24. Qa5 Nd5 25. Be5 h5 26. Bxg7 hxg4 27. Be5 gxh3 28.
Rd3 f6 29. Bh2 hxg2 30. Rg3 Kg7 31. Bc2 g5 32. Qd2 Rh8 33. Be4 Rh4 34. Rxg2 Rah8
35. f4 Rxh2 36. Rxh2 Nxf4 37. Rxh8 Kxh8 38. Bxb7 Qxb7 39. Qh2+ Kg7 40. d5 Qxd5
41. Qg3 Qd4+ 42. Kf1 Qc4+ 43. Kg1 Ne2+ 44. Rxe2 Qxe2 45. Qc7+ Kg6 46. Qc8 Qe1+
47. Kg2 Qe2+ 48. Kg3 Qe3+ 49. Kg2 Kf5 50. Qxa6 Qd2+ 51. Kg3 Qxb2 52. Qd3+ Ke5
53. Qe3+ Kd6 54. Qd3+ Kc5 55. Qe3+ Qd4 56. Qc1+ Kd6 57. Qa3+ Qc5 58. Qa6+ Kd7
59. Qb7+ Qc7+ 0-1

[Event "European Blitz 2022"]
[Site "Katowice POL"]
[Date "2022.12.16"]
[Round "9.5"]
[White "Kowalski, Igor"]
[Black "Hovhannisyan, Robert"]
[Result "0-1"]
[WhiteTitle "IM"]
[BlackTitle "GM"]
[WhiteElo "2344"]
[BlackElo "2597"]
[WhiteFideId "1172468"]
[BlackFideId "13302507"]
[EventDate "2022.12.16"]

1. d4 d5 2. c4 c6 3. Nc3 Nf6 4. e3 e6 5. Nf3 Nbd7 6. Be2 b6 7. O-O Bb7 8. Qc2
Bd6 9. e4 dxe4 10. Nxe4 Nxe4 11. Qxe4 Qc7 12. Qg4 c5 13. Qxg7 O-O-O 14. Qxf7
Rdf8 15. Qh5 Rhg8 16. dxc5 bxc5 17. Qh3 Ne5 18. Ne1 Kb8 19. Be3 Rf5 20. Rd1 Qe7
21. f4 Nc6 22. Bf3 Bxf4 23. Bxc6 Bxe3+ 24. Qxe3 Rxf1+ 25. Kxf1 Bxc6 26. Nf3 Bxf3
27. gxf3 Qg7 28. Qxc5 Qg2+ 29. Ke1 Qh1+ 30. Kd2 Rd8+ 31. Kc3 Qxd1 32. Qb5+ Kc7
33. Qa5+ Kb7 34. Qb5+ Kc7 35. Qa5+ Kd7 36. Qxa7+ Ke8 37. Qe3 Qd6 38. b4 e5 39.
c5 Qd5 40. a4 Kd7 41. b5 Qd1 42. Qxe5 Qa1+ 0-1

[Event "European Blitz 2022"]
[Site "Katowice POL"]
[Date "2022.12.16"]
[Round "9.6"]
[White "Saraci, Nderim"]
[Black "Navara, David"]
[Result "1-0"]
[WhiteTitle "IM"]
[BlackTitle "GM"]
[WhiteElo "2468"]
[BlackElo "2684"]
[WhiteFideId "6351921"]
[BlackFideId "309095"]
[EventDate "2022.12.16"]

1. Nf3 d5 2. b3 Bg4 3. Bb2 e6 4. e3 Nf6 5. c4 c6 6. Be2 Bd6 7. O-O Nbd7 8. d4 h6
9. Nbd2 Qb8 10. Re1 O-O 11. Qc2 Rd8 12. h3 Bf5 13. Bd3 Bxd3 14. Qxd3 Be7 15. Qc2
a5 16. e4 Nxe4 17. Nxe4 dxe4 18. Rxe4 a4 19. Ree1 Bf6 20. Rad1 axb3 21. axb3 b5
22. Ra1 Rxa1 23. Bxa1 c5 24. dxc5 Bxa1 25. Rxa1 Nxc5 26. Rb1 b4 27. Rd1 g6 28.
Rxd8+ Qxd8 29. Qd2 Qxd2 30. Nxd2 e5 31. Kf1 f5 32. Ke2 Kf7 33. Kd1 e4 34. Ke2
Ke6 35. f3 exf3+ 36. Kxf3 g5 37. Ke3 h5 38. g3 Kd6 39. Ke2 Ke5 40. Nf3+ Kf6 41.
Nd4 Ne4 42. Kf3 g4+ 43. hxg4 hxg4+ 44. Kf4 Nc5 45. Ke3 Kg5 46. Kf2 Kg6 47. Ke3
Kf6 48. Kf4 Nd3+ 49. Ke3 Nc5 50. Kf2 Ne4+ 51. Kg2 Nd2 52. Kf2 Ke5 53. Nc6+ Ke4
54. Nxb4 Nxb3 55. Nd5 Nc5 56. Ke2 Kd4 57. Ne3 Ke5 58. Kf2 Ne4+ 59. Kg2 Nc5 60.
Kf2 Ke4 61. Ke2 Ne6 62. Kf2 Ke5 63. Nd5 Ng5 64. Ne3 Ne4+ 65. Kg2 Nc5 1-0

[Event "European Blitz 2022"]
[Site "Katowice POL"]
[Date "2022.12.16"]
[Round "9.7"]
[White "Deac, Bogdan-Daniel"]
[Black "Kosakowski, Jakub"]
[Result "1-0"]
[WhiteTitle "GM"]
[BlackTitle "IM"]
[WhiteElo "2700"]
[BlackElo "2475"]
[WhiteFideId "1226380"]
[BlackFideId "1185080"]
[EventDate "2022.12.16"]

1. Nf3 d5 2. e3 Nf6 3. c4 e6 4. b3 Bd6 5. Bb2 O-O 6. g3 c6 7. Bg2 Nbd7 8. d4 b6
9. O-O Bb7 10. Nbd2 Qe7 11. a3 Rfd8 12. Ne5 c5 13. cxd5 exd5 14. Nxd7 Nxd7 15.
Re1 Nf6 16. dxc5 bxc5 17. Rc1 Rac8 18. Qe2 Re8 19. Qb5 Ba8 20. Qa5 h5 21. Bxf6
Qxf6 22. Qxa7 Qb2 23. Rcd1 h4 24. Qa6 hxg3 25. hxg3 Bc6 26. Qd3 Red8 27. Ra1 Qf6
28. Qc2 Be5 29. Rac1 Bb2 30. Rcd1 Bxa3 31. e4 Bb4 32. exd5 Bxd5 33. Bxd5 Rxd5
34. Ne4 Rxd1 35. Nxf6+ 1-0

[Event "European Blitz 2022"]
[Site "Katowice POL"]
[Date "2022.12.16"]
[Round "9.8"]
[White "Moroni, Luca Jr"]
[Black "Seo, Jung Min"]
[Result "1-0"]
[WhiteTitle "GM"]
[BlackTitle "IM"]
[WhiteElo "2576"]
[BlackElo "2502"]
[WhiteFideId "865834"]
[BlackFideId "1734687"]
[EventDate "2022.12.16"]

1. d4 Nf6 2. Nf3 d5 3. c3 Bf5 4. Qb3 Qc8 5. c4 e6 6. Nc3 c6 7. Bf4 Nbd7 8. e3
Be7 9. h3 O-O 10. Rc1 a6 11. cxd5 exd5 12. Be2 Re8 13. O-O Bf8 14. Bh2 b5 15. a4
Qb7 16. Rfd1 h6 17. a5 Be6 18. Qc2 Rac8 19. Bf1 Bb4 20. Ra1 c5 21. Qb3 Bxc3 22.
bxc3 Ne4 23. Rac1 Rc6 24. Qb2 Rec8 25. c4 b4 26. cxd5 Bxd5 27. dxc5 Rxc5 28.
Rxc5 Ndxc5 29. Be5 f6 30. Bd4 Ne6 31. Bb6 Bc4 32. Qxb4 Bxf1 33. Rxf1 N4g5 34.
Nxg5 Nxg5 35. Rd1 Qc6 36. Qd4 Nf7 37. Qd3 Qb7 38. Qd7 Qxd7 39. Rxd7 Ne5 40. Ra7
Nd3 41. Rxa6 Rc1+ 42. Kh2 Nxf2 43. Ra7 Ra1 44. Bd4 Ra2 45. a6 Ne4 46. Ra8+ Kh7
47. a7 Nd2 48. Kg1 1-0

[Event "European Blitz 2022"]
[Site "Katowice POL"]
[Date "2022.12.16"]
[Round "9.9"]
[White "Subelj, Jan"]
[Black "Oleksiyenko, Mykhaylo"]
[Result "1-0"]
[WhiteTitle "IM"]
[BlackTitle "GM"]
[WhiteElo "2492"]
[BlackElo "2594"]
[WhiteFideId "14618583"]
[BlackFideId "4152417"]
[EventDate "2022.12.16"]

1. e4 e5 2. Nf3 Nc6 3. Bb5 Nf6 4. d3 d6 5. O-O Bd7 6. c3 g6 7. Re1 Bg7 8. Nbd2
a6 9. Ba4 O-O 10. h3 b5 11. Bc2 a5 12. a4 b4 13. Nc4 Nh5 14. d4 bxc3 15. bxc3
exd4 16. cxd4 Nb4 17. Bd2 c5 18. Nxd6 Bxh3 19. dxc5 Bxa1 20. Bxb4 axb4 21. Qxa1
Bg4 22. Re3 Qf6 23. e5 Qe7 24. Qd4 Bxf3 25. Rxf3 Rab8 26. Bb3 Ng7 27. Nxf7 Ne6
28. Qd6 Rfe8 29. Qxe7 Rxe7 30. Ng5 1-0

[Event "European Blitz 2022"]
[Site "Katowice POL"]
[Date "2022.12.16"]
[Round "9.10"]
[White "Adams, Michael"]
[Black "Petrovskyi, Vadym"]
[Result "1-0"]
[WhiteTitle "GM"]
[BlackTitle "FM"]
[WhiteElo "2688"]
[BlackElo "2402"]
[WhiteFideId "400041"]
[BlackFideId "14165210"]
[EventDate "2022.12.16"]

1. e4 c5 2. Nc3 d6 3. f4 Nc6 4. Nf3 g6 5. Bb5 Bg7 6. Bxc6+ bxc6 7. O-O Nf6 8. d3
O-O 9. Qe1 d5 10. e5 Nd7 11. b3 e6 12. Na4 Re8 13. c4 Bf8 14. Ba3 Nb6 15. Nxc5
dxc4 16. dxc4 Nd7 17. Nxd7 Bxd7 18. Bxf8 Rxf8 19. Rd1 c5 20. Ng5 Qc7 21. Qh4 h5
22. Ne4 Bc6 23. Nf6+ Kg7 24. Nxh5+ gxh5 25. Qg5+ Kh7 26. Qxh5+ Kg8 27. Qg5+ 1-0

[Event "European Blitz 2022"]
[Site "Katowice POL"]
[Date "2022.12.16"]
[Round "9.11"]
[White "Svane, Rasmus"]
[Black "Abdrlauf, Elham"]
[Result "1-0"]
[WhiteTitle "GM"]
[BlackTitle "IM"]
[WhiteElo "2622"]
[BlackElo "2518"]
[WhiteFideId "4657101"]
[BlackFideId "1533533"]
[EventDate "2022.12.16"]

1. Nf3 d5 2. g3 g6 3. Bg2 Bg7 4. d4 e6 5. O-O Ne7 6. c4 O-O 7. Qc2 b6 8. cxd5
exd5 9. Rd1 Bf5 10. Qb3 c5 11. dxc5 bxc5 12. Nc3 c4 13. Qa4 Nd7 14. Nxd5 Nxd5
15. Rxd5 Nb6 16. Rxd8 Raxd8 17. Qa5 Rd1+ 18. Bf1 Bh3 19. Ne1 Be6 20. Nc2 Bh3 21.
Be3 Rxa1 22. Nxa1 Bxf1 23. Kxf1 Bxb2 24. Nc2 c3 25. Bd4 1-0

[Event "European Blitz 2022"]
[Site "Katowice POL"]
[Date "2022.12.16"]
[Round "9.12"]
[White "Kozak, Antoni"]
[Black "Saric, Ante"]
[Result "0-1"]
[BlackTitle "GM"]
[WhiteElo "2422"]
[BlackElo "2504"]
[WhiteFideId "21832030"]
[BlackFideId "14506254"]
[EventDate "2022.12.16"]

1. Nf3 Nf6 2. c4 e6 3. b3 b6 4. g3 Bb7 5. Bg2 d5 6. Bb2 Be7 7. O-O O-O 8. e3 c5
9. Nc3 Qc8 10. Rc1 Rd8 11. cxd5 Nxd5 12. Nxd5 Bxd5 13. Qe2 Qa6 14. Qxa6 Nxa6 15.
Bc3 Rac8 16. Rfe1 Bf6 17. Bf1 Bb7 18. Be2 Rc7 19. Ne5 Nb4 20. Bxb4 Bxe5 21. d4
cxd4 22. exd4 Rxd4 23. Bc3 Re4 24. Bxe5 Rxc1 25. Rxc1 Rxe2 26. Bd4 f6 27. a4 Bd5
28. Rb1 e5 29. Be3 g5 30. a5 bxa5 31. Bxa7 Kf7 32. Bb6 Ra2 33. h3 h5 34. Bc5 g4
35. h4 Ke6 36. Bb6 f5 37. Bc7 Ra3 38. Bb6 f4 39. gxf4 exf4 40. Bc7 Kf5 41. Re1
Be4 42. Rc1 Rxb3 43. Bxa5 Rh3 44. Rc5+ Ke6 45. Kf1 Rxh4 46. Bc3 Bf3 47. Ke1 Rh1+
48. Kd2 h4 49. Re5+ Kd7 50. Rh5 h3 51. Kc2 Rf1 52. Bd4 Bg2 53. Kd2 g3 54. fxg3
fxg3 0-1

[Event "European Blitz 2022"]
[Site "Katowice POL"]
[Date "2022.12.16"]
[Round "9.13"]
[White "Stefanova, Antoaneta"]
[Black "Mastrovasilis, Dimitrios"]
[Result "1/2-1/2"]
[WhiteTitle "GM"]
[BlackTitle "GM"]
[WhiteElo "2442"]
[BlackElo "2605"]
[WhiteFideId "2902257"]
[BlackFideId "4202694"]
[EventDate "2022.12.16"]

1. d4 d5 2. Bf4 Nf6 3. e3 c5 4. Nf3 Nc6 5. Nbd2 cxd4 6. exd4 Bf5 7. c3 e6 8. Qb3
Qd7 9. Ne5 Qc8 10. Qa4 a6 11. Nxc6 Qxc6 12. Qxc6+ bxc6 13. b4 Ne4 14. Nxe4 Bxe4
15. f3 Bg6 16. a4 Kd7 17. Kd2 Bd6 18. Bxd6 Kxd6 19. Bd3 f6 20. f4 Bxd3 21. Kxd3
Rhg8 22. g3 g5 23. Rhf1 gxf4 24. Rxf4 Rg6 25. Raf1 f5 26. Rh4 h6 27. c4 dxc4+
28. Kxc4 Rb8 29. Rb1 Rb7 30. Rf4 h5 31. Rf2 h4 32. Rb3 Rg4 33. Re3 hxg3 34. hxg3
a5 35. bxa5 c5 36. Rd2 Rb4+ 37. Kc3 Rbxd4 38. Red3 e5 39. a6 Kc6 40. Rxd4 cxd4+
41. Kc4 Kb6 42. Kd5 Rxg3 43. Kxe5 d3 44. Kxf5 Kxa6 45. Ke4 Ka5 46. Rxd3 Rxd3 47.
Kxd3 Kxa4 48. Ke4 1/2-1/2

[Event "European Blitz 2022"]
[Site "Katowice POL"]
[Date "2022.12.16"]
[Round "9.14"]
[White "Yuffa, Daniil"]
[Black "Licznerski, Lukasz"]
[Result "1/2-1/2"]
[WhiteTitle "GM"]
[BlackTitle "IM"]
[WhiteElo "2587"]
[BlackElo "2441"]
[WhiteFideId "24131423"]
[BlackFideId "1179250"]
[EventDate "2022.12.16"]

1. d4 Nf6 2. c4 g6 3. Nc3 d5 4. cxd5 Nxd5 5. e4 Nxc3 6. bxc3 Bg7 7. Bc4 c5 8.
Ne2 Nc6 9. Be3 O-O 10. O-O cxd4 11. cxd4 Na5 12. Bd3 b6 13. Qd2 Bb7 14. Rac1 e6
15. Rfd1 Qe7 16. Bh6 Rfc8 17. Bxg7 Kxg7 18. Qb2 Kg8 19. f3 Rd8 20. Bb5 Rac8 21.
g3 Qf6 22. Kg2 g5 23. g4 Bc6 24. Ba6 Bb7 25. Bxb7 Nxb7 26. Rxc8 Rxc8 27. Rc1
Rxc1 28. Qxc1 Qe7 29. e5 Qd8 30. Ng3 h6 31. Ne4 Kg7 32. Qb2 Qd5 33. Nf6 Qc4 34.
Qb1 Kf8 35. Qe4 Nd8 36. a3 Nc6 37. Qh7 Ke7 38. Qg8 Qe2+ 39. Kg3 Qe1+ 40. Kg2
Qe2+ 41. Kg1 Qe1+ 42. Kg2 Qe2+ 1/2-1/2

[Event "European Blitz 2022"]
[Site "Katowice POL"]
[Date "2022.12.16"]
[Round "9.15"]
[White "Gaehwiler, Gabriel"]
[Black "Livaic, Leon"]
[Result "0-1"]
[WhiteTitle "IM"]
[BlackTitle "GM"]
[WhiteElo "2408"]
[BlackElo "2572"]
[WhiteFideId "1314530"]
[BlackFideId "14531534"]
[EventDate "2022.12.16"]

1. d4 Nf6 2. c4 e6 3. g3 d5 4. Bg2 dxc4 5. Nf3 c6 6. Ne5 Bb4+ 7. Nc3 Nd5 8. Bd2
Nb6 9. e3 N8d7 10. Ne4 Be7 11. Qc2 O-O 12. Nxc4 Nxc4 13. Qxc4 e5 14. O-O Nb6 15.
Qc3 exd4 16. exd4 Nd5 17. Qc1 Bf5 18. Re1 Re8 19. Nc5 Bxc5 20. dxc5 Qf6 21. Bc3
Qg6 22. Qd2 Be4 23. Rxe4 Rxe4 24. Bxe4 Qxe4 25. Re1 Qg4 26. Be5 Re8 27. Bd6
Rxe1+ 28. Qxe1 Qd7 29. Qa5 a6 30. Qe1 h6 31. Qe4 Nf6 32. Qe5 Qh3 33. Qe2 Qf5 34.
b3 g5 35. f3 Kh7 36. Kg2 Kg6 37. Qd2 Nd5 38. Qe2 Qe6 39. Qxe6+ fxe6 40. Kf2 Nb4
41. a3 Nc2 42. a4 Nd4 43. Ke3 Nxb3 44. g4 Kf6 45. Ke4 Nd2+ 46. Ke3 Nc4+ 47. Kd4
Nxd6 48. cxd6 Kf7 49. a5 Ke8 50. Kc4 e5 51. Kc5 Kd7 52. h3 Ke6 53. Kb6 Kxd6 54.
Kxb7 c5 55. Kxa6 Kc6 56. Ka7 Kc7 0-1

[Event "European Blitz 2022"]
[Site "Katowice POL"]
[Date "2022.12.16"]
[Round "9.16"]
[White "Cherniaiev, Tykhon"]
[Black "Tazbir, Marcin"]
[Result "1/2-1/2"]
[WhiteTitle "FM"]
[BlackTitle "GM"]
[WhiteElo "2330"]
[BlackElo "2508"]
[WhiteFideId "14182360"]
[BlackFideId "1122452"]
[EventDate "2022.12.16"]

1. Nf3 c5 2. c4 Nc6 3. Nc3 Nf6 4. g3 e5 5. Bg2 g6 6. O-O Bg7 7. d3 d6 8. a3 O-O
9. Rb1 a5 10. Ne1 Nh5 11. Nc2 f5 12. b4 axb4 13. axb4 e4 14. Nd5 exd3 15. Qxd3
Ne5 16. Qb3 Be6 17. bxc5 dxc5 18. Qxb7 Rb8 19. Qxb8 Qxb8 20. Rxb8 Rxb8 21. Nce3
Rb3 22. Rd1 h6 23. Nc7 Bf7 24. Bd5 Nf6 25. Bxf7+ Kxf7 26. Nb5 Bf8 27. Ba3 Ne4
28. Rc1 Nxc4 29. Nxc4 Rxb5 30. f3 Nf6 31. Ne5+ Kg7 32. Nd3 Nd7 33. Kg2 Kf7 34.
Rc3 g5 35. Ne1 Nf6 36. Nd3 c4 37. Nf2 Bxa3 38. Rxa3 Nd5 39. Nd1 Rb3 40. Ra7+ Ke6
41. Kf2 Rb1 42. Ne3 Nxe3 43. Kxe3 Rb3+ 44. Kd4 Rb2 45. Ra6+ Kf7 46. e4 fxe4 47.
fxe4 Rxh2 48. Kxc4 Rh3 49. Ra3 h5 50. Kd4 h4 51. Ra7+ Ke6 52. gxh4 Rxh4 53. Ra6+
Ke7 54. Ke5 g4 55. Ra7+ Ke8 56. Rg7 Rh6 57. Rxg4 Ra6 58. Rg7 Rb6 59. Rc7 Ra6 60.
Kf5 Rb6 61. e5 Ra6 62. Rb7 Rc6 63. Ra7 Rb6 64. Ra1 Rc6 65. Rb1 Ra6 66. Rb2 Ke7
67. Rb7+ Ke8 68. e6 Ra1 69. Kf6 Rf1+ 1/2-1/2

[Event "European Blitz 2022"]
[Site "Katowice POL"]
[Date "2022.12.16"]
[Round "9.17"]
[White "Psyk, Radoslaw"]
[Black "Alonso Rosell, Alvar"]
[Result "0-1"]
[BlackTitle "GM"]
[WhiteElo "2438"]
[BlackElo "2561"]
[WhiteFideId "1182838"]
[BlackFideId "2270544"]
[EventDate "2022.12.16"]

1. e4 e5 2. Nf3 Nc6 3. Nc3 Nf6 4. a4 g6 5. Bc4 Bg7 6. d3 d6 7. h3 O-O 8. O-O h6
9. Re1 Kh7 10. Bd2 Nd7 11. Nd5 f5 12. exf5 gxf5 13. Nxc7 Qxc7 14. Ng5+ Kg6 15.
Ne6 Qb8 16. Nxg7 Kxg7 17. Qh5 f4 18. Qg4+ Kh7 19. d4 Nf6 20. Qh4 Nxd4 21. Bxf4
Nf5 22. Bd3 e4 23. Bxe4 Nxe4 24. Qh5 Nf6 25. Re7+ Nxe7 26. Qxh6+ Kg8 27. Re1 Qc7
28. Re3 Nf5 29. Qg5+ Qg7 0-1

[Event "European Blitz 2022"]
[Site "Katowice POL"]
[Date "2022.12.16"]
[Round "9.18"]
[White "Barski, Radoslaw"]
[Black "Vogel, Roven"]
[Result "0-1"]
[WhiteTitle "IM"]
[BlackTitle "IM"]
[WhiteElo "2441"]
[BlackElo "2463"]
[WhiteFideId "1131710"]
[BlackFideId "12908088"]
[EventDate "2022.12.16"]

1. e4 e5 2. Nf3 Nc6 3. Bb5 a6 4. Ba4 Nf6 5. O-O Be7 6. Re1 b5 7. Bb3 O-O 8. a4
Bb7 9. d3 d6 10. Bd2 Qd7 11. h3 Nd8 12. Nc3 Ne6 13. Ba2 Rfe8 14. Ne2 bxa4 15.
Ng3 Bf8 16. Nh4 d5 17. Bc3 dxe4 18. Bxe5 Qd8 19. dxe4 Nd7 20. Bc3 Qxh4 21. Qxd7
Rad8 22. Qxa4 Bc5 23. Kh1 Nf4 24. Bxf7+ Kxf7 25. Qc4+ Ne6 26. Nf5 Qf4 27. Nxg7
Bb6 28. Nxe6 Rxe6 0-1